Abnormal psychology (Record no. 240599)

MARC details
000 -LEADER
fixed length control field 01410nam a22002417a 4500
003 - CONTROL NUMBER IDENTIFIER
control field St Aloysius Coll
005 - DATE AND TIME OF LATEST TRANSACTION
control field 20251029111150.0
008 - FIXED-LENGTH DATA ELEMENTS--GENERAL INFORMATION
fixed length control field 251029b |||||||| |||| 00| 0 eng d
020 ## - INTERNATIONAL STANDARD BOOK NUMBER
International Standard Book Number 9789353502881
040 ## - CATALOGING SOURCE
Transcribing agency AL
041 ## - LANGUAGE CODE
Language code of text/sound track or separate title English
082 ## - DEWEY DECIMAL CLASSIFICATION NUMBER
Classification number 616.89
Item number BARA
100 ## - MAIN ENTRY--PERSONAL NAME
Personal name David H Barlow
9 (RLIN) 243103
245 ## - TITLE STATEMENT
Title Abnormal psychology
250 ## - EDITION STATEMENT
Edition statement 8th
260 ## - PUBLICATION, DISTRIBUTION, ETC.
Place of publication, distribution, etc. Australia
Name of publisher, distributor, etc. Cengage
Date of publication, distribution, etc. 2024
300 ## - PHYSICAL DESCRIPTION
Extent xxvi,745p
Other physical details PB
Dimensions 26.5x21cm.
365 ## - TRADE PRICE
Source of price type code General
Price type code 4225
Price amount ₹812.00
Currency code
Unit of pricing ₹1015.00
Price note 20%
Price effective from 23/10/2025
520 ## - SUMMARY, ETC.
Summary, etc. Balancing biological, psychological, social, and cultural approaches, this book S ground-breaking integrative approach is the most modern, scientifically valid method for studying abnormal psychology. Updated with leading-edge research findings, the eighth edition draws on the expertise of David H. Barlow, V. Mark Durand, and Stefan G hofmann, three internationally recognized experts in clinical psychology. In abnormal psychology: an integrative approach, the authors successfully blend sophisticated research with an accessible, engaging writing style. They go beyond simply describing different schools of thought on psychological disorders, exploring the interactions of the various forces that contribute to psychopathology.
650 ## - SUBJECT ADDED ENTRY--TOPICAL TERM
Source of heading or term Abnormal Psychology
Topical term or geographic name entry element Psychology
9 (RLIN) 243104
700 ## - ADDED ENTRY--PERSONAL NAME
Personal name Durand, V Mark
Dates associated with a name Hofmann, Stefan G
9 (RLIN) 243105
942 ## - ADDED ENTRY ELEMENTS (KOHA)
Source of classification or shelving scheme Dewey Decimal Classification
Koha item type Book
Holdings
Withdrawn status Lost status Source of classification or shelving scheme Damaged status Not for loan Collection code Home library Current library Date acquired Source of acquisition Cost, normal purchase price Total Checkouts Full call number Barcode Date last seen Cost, replacement price Price effective from Koha item type
    Dewey Decimal Classification     Corporate Psychology St Aloysius PG Library St Aloysius PG Library 10/28/2025 Biblios Book Point 812.00   616.89 BARA PG025115 10/29/2025 1015.00   Book